000 00743nam a2200241Ia 4500
005 20260430150242.0
008 008 250103s9999 xx 000 0 eng d
037 _aTheses
040 _aCRL
040 _beng
040 _ceng
041 _2eng
041 _aeng
084 _qCRL
100 _aSingh Aayushi Au.; Natarajan K. Gu.
_91236941
245 0 _aCharacterizing t cell dynamics during mycobacterial infection: regulation of t cell activation and function by calcium homeostasis
260 _c2021
300 _a190p.
650 _aScience
700 _aUniversity of Delhi. Faculty of Medical Sciences. Department of B.R. Ambedkar Center for Biomedical Research
_91236528
942 _cTH
999 _c1849334
_d1849334